000 00574nam a22001817a 4500
003 CEME
005 20210628205037.0
008 210224b xxu||||| |||| 00| 0 eng d
020 _a0-13-158940-7
040 _c.
082 _a004.165 LIN'C
100 _aLivadas, Panos E Ward, Christopher
_973590
245 _aComputer organization and the mc 68000
260 _aNEWJERCY
_bPRENTICE HALL
_c1993
300 _a698P
650 _aMOTOROLA 68000 (MICROPROCESSOR) PROGRAMMING ASSEMBLER LANGUAGE (COMPUTER PROGRAM LANGUAGE) COMPUTER ORGANIZATION
_973591
942 _cBK
_2ddc
999 _c579276
_d579276